[Event "Moscu Open 2009"]
[Site "Moscu RUS"]
[Date "2009.02.08"]
[Round "9.11"]
[White "Guseinov, Gadir"]
[Black "Ponkratov, Pavel"]
[Result "0-1"]
[WhiteElo "2661"]
[BlackElo "2558"]
[PlyCount "118"]
[EventDate "2009.01.31"]
[EventType "swiss"]
[EventRounds "9"]
[EventCountry "RUS"]
[Source "lmi"]
[SourceDate "2009.01.31"]

1. e4 e6 2. d4 d5 3. Nc3 Bb4 4. Nge2 dxe4 5. a3 Be7 6. Nxe4 Nf6 7. Qd3 Nc6 8.
Bf4 O-O 9. O-O-O e5 10. dxe5 Qxd3 11. cxd3 Nd5 12. Bg3 Bf5 13. N2c3 Rad8 14.
Nxd5 Rxd5 15. f4 Rfd8 16. Re1 Nd4 17. Bf2 h5 18. Rg1 Bc5 19. Nxc5 Rxc5+ 20. Kb1
Rcd5 21. h3 Bh7 22. Rc1 Ne6 23. g3 c5 24. Ka2 b6 25. Be2 h4 26. Bg4 Bxd3 27.
Be3 Nd4 28. gxh4 Ne2 29. Bxe2 Bxe2 30. Rg2 Bd1 31. f5 Rxe5 32. Bh6 Rxf5 33.
Bxg7 Kh7 34. Bc3 a5 35. Rg1 Be2 36. Rce1 Rf2 37. Ka1 a4 38. Be5 Rd2 39. Bc3 Rd5
40. Rg7+ Kh6 41. Rxf7 Rxf7 42. Rxe2 b5 43. Kb1 Kh5 44. Re6 Kxh4 45. Rb6 c4 46.
Rh6+ Kg3 47. h4 Rff5 48. Kc2 Rf2+ 49. Kc1 Kh3 50. Re6 Rg2 51. Be1 Rf5 52. Re3+
Kg4 53. Re7 Kf3 54. Bd2 Rd5 55. Bg5 Kg4 56. Re4+ Kh5 57. Re8 Rf5 58. Re1 Rff2
59. Re5 Rf1+ 0-1

[Event "Moscu Open 2009"]
[Site "Moscu RUS"]
[Date "2009.02.08"]
[Round "9.13"]
[White "Amonatov, Farrukh"]
[Black "Zherebukh, Yaroslav"]
[Result "1-0"]
[WhiteElo "2647"]
[BlackElo "2558"]
[PlyCount "73"]
[EventDate "2009.01.31"]
[EventType "swiss"]
[EventRounds "9"]
[EventCountry "RUS"]
[Source "lmi"]
[SourceDate "2009.01.31"]

1. e4 e5 2. Nf3 Nf6 3. Nxe5 d6 4. Nf3 Nxe4 5. d4 d5 6. Bd3 Bd6 7. O-O O-O 8. c4
c6 9. Qc2 Na6 10. a3 Bg4 11. Ne5 Bxe5 12. dxe5 Nac5 13. f3 Nxd3 14. Qxd3 Nc5
15. Qd4 Nb3 16. Qxg4 Nxa1 17. Bh6 g6 18. Nc3 Qb6+ 19. Rf2 Rfe8 20. Qf4 Re6 21.
cxd5 cxd5 22. Nxd5 Qc5 23. Nf6+ Kh8 24. Nd7 Qe7 25. Rd2 Nb3 26. Bg5 f6 27. exf6
Qf7 28. Rd1 Rae8 29. h4 Re2 30. Qa4 a6 31. Rd3 Na1 32. Bd2 Kg8 33. Bc3 Nb3 34.
Qf4 R2e6 35. Kh2 Rc6 36. Qg5 Qc4 37. Qh6 1-0

[Event "Moscu Open 2009"]
[Site "Moscu RUS"]
[Date "2009.02.08"]
[Round "9.16"]
[White "Ivanov, Victor L"]
[Black "Vaganian, Rafael A"]
[Result "1/2-1/2"]
[WhiteElo "2499"]
[BlackElo "2596"]
[PlyCount "87"]
[EventDate "2009.01.31"]
[EventType "swiss"]
[EventRounds "9"]
[EventCountry "RUS"]
[Source "lmi"]
[SourceDate "2009.01.31"]

1. e4 e6 2. d4 d5 3. Nd2 c5 4. exd5 exd5 5. Ngf3 Nf6 6. Bb5+ Bd7 7. Bxd7+ Nbxd7
8. O-O Be7 9. dxc5 Nxc5 10. Re1 O-O 11. Nf1 Nce4 12. Be3 Re8 13. Bd4 b5 14. c3
a5 15. a3 Qb8 16. Ne3 Qb7 17. Qb3 Bc5 18. Rad1 Rad8 19. h3 h5 20. Rd3 Bxd4 21.
Rxd4 Nc5 22. Qd1 Ne6 23. Rd2 Nc5 24. Rde2 Nfe4 25. Nd4 b4 26. axb4 axb4 27.
cxb4 Ne6 28. Nef5 g6 29. Nxe6 fxe6 30. Ng3 Nf6 31. Rxe6 Rxe6 32. Rxe6 Kf7 33.
Qe2 Qd7 34. Rb6 Re8 35. Qf3 Re1+ 36. Kh2 Qe7 37. Qf4 g5 38. Qb8 Nd7 39. Qh8
Nxb6 40. Qxh5+ Ke6 41. Qg6+ Qf6 42. Qe8+ Qe7 43. Qg6+ Qf6 44. Qe8+ 1/2-1/2

[Event "Moscu Open 2009"]
[Site "Moscu RUS"]
[Date "2009.02.08"]
[Round "9.18"]
[White "Tregubov, Andrei"]
[Black "Vorobiov, Evgeny E"]
[Result "0-1"]
[WhiteElo "2374"]
[BlackElo "2591"]
[PlyCount "76"]
[EventDate "2009.01.31"]
[EventType "swiss"]
[EventRounds "9"]
[EventCountry "RUS"]
[Source "lmi"]
[SourceDate "2009.01.31"]

1. e4 c5 2. Nf3 e6 3. d3 Nc6 4. g3 g6 5. Bg2 Bg7 6. O-O Nge7 7. Re1 d6 8. c3 e5
9. a3 a5 10. a4 O-O 11. Na3 h6 12. Nb5 d5 13. Bd2 Be6 14. Qc2 Qd7 15. Rad1 Rad8
16. Bc1 Bg4 17. Qb3 Kh7 18. Rd2 Be6 19. Qa3 b6 20. d4 dxe4 21. dxe5 exf3 22.
Rxd7 Rxd7 23. Bxf3 Nxe5 24. Be2 Rfd8 25. Bf4 N7c6 26. f3 Nd3 27. Bxd3 Rxd3 28.
Rxe6 fxe6 29. Qb3 e5 30. Qe6 exf4 31. Qxc6 Rd1+ 32. Kg2 h5 33. gxf4 R8d2+ 34.
Kh3 Rh1 35. f5 gxf5 36. Qe6 Rhxh2+ 37. Kg3 Rdg2+ 38. Kf4 Bh6+ 0-1

[Event "Moscu Open 2009"]
[Site "Moscu RUS"]
[Date "2009.02.08"]
[Round "9.19"]
[White "Khairullin, Ildar"]
[Black "Nikolenko, Oleg"]
[Result "1/2-1/2"]
[WhiteElo "2574"]
[BlackElo "2511"]
[PlyCount "57"]
[EventDate "2009.01.31"]
[EventType "swiss"]
[EventRounds "9"]
[EventCountry "RUS"]
[Source "lmi"]
[SourceDate "2009.01.31"]

1. e4 e6 2. d4 d5 3. Nc3 Nf6 4. e5 Nfd7 5. f4 c5 6. Nf3 Nc6 7. Be3 cxd4 8. Nxd4
Qb6 9. Qd2 Qxb2 10. Rb1 Qa3 11. Bb5 Nxd4 12. Bxd4 Bb4 13. O-O O-O 14. Rb3 Qa5
15. Qe3 Nb6 16. Qg3 Nc4 17. f5 Rd8 18. f6 g6 19. Qh4 a6 20. Bxc4 dxc4 21. Rxb4
Qxb4 22. Be3 Rd5 23. Nxd5 exd5 24. c3 Qa3 25. Bb6 Be6 26. Bc7 h5 27. Qf4 Kh7
28. Bb6 Rh8 29. Qd2 1/2-1/2

[Event "Moscu Open 2009"]
[Site "Moscu RUS"]
[Date "2009.02.08"]
[Round "9.20"]
[White "Zubov, Alexander"]
[Black "Krylov, Mikhail"]
[Result "1-0"]
[WhiteElo "2574"]
[BlackElo "2460"]
[PlyCount "65"]
[EventDate "2009.01.31"]
[EventType "swiss"]
[EventRounds "9"]
[EventCountry "RUS"]
[Source "lmi"]
[SourceDate "2009.01.31"]

1. d4 Nf6 2. c4 g6 3. Nc3 Bg7 4. e4 d6 5. Nf3 O-O 6. h3 Na6 7. Bg5 c5 8. d5 Nc7
9. Qc1 e6 10. Be2 exd5 11. exd5 b5 12. cxb5 Qe8 13. O-O Nfxd5 14. Re1 Nxc3 15.
bxc3 Nxb5 16. a4 Nxc3 17. Bb5 Bd7 18. Rxe8 Raxe8 19. Ra3 Bxb5 20. Rxc3 Bxa4 21.
Bh6 Bc6 22. Bxg7 Kxg7 23. Qa1 Kg8 24. Qxa7 Re6 25. Qc7 Ba8 26. Rd3 h6 27. Nd2
Re1+ 28. Kh2 c4 29. Rxd6 Rc1 30. Nxc4 Be4 31. Rd8 Rxd8 32. Qxd8+ Kh7 33. Qd7
1-0

[Event "Moscu Open 2009"]
[Site "Moscu RUS"]
[Date "2009.02.08"]
[Round "9.22"]
[White "Safarli, Eltaj"]
[Black "Przybylski, Wojciech"]
[Result "1-0"]
[WhiteElo "2564"]
[BlackElo "2337"]
[PlyCount "107"]
[EventDate "2009.01.31"]
[EventType "swiss"]
[EventRounds "9"]
[EventCountry "RUS"]
[Source "lmi"]
[SourceDate "2009.01.31"]

1. e4 c5 2. Nf3 d6 3. Bc4 Nf6 4. Qe2 e6 5. c3 Be7 6. d4 cxd4 7. cxd4 O-O 8. Bd3
Nbd7 9. Nc3 b6 10. O-O Bb7 11. Bg5 Re8 12. Rad1 a6 13. a4 Qc7 14. Rfe1 h6 15.
Be3 Bf8 16. Nd2 e5 17. d5 Nc5 18. Bc4 Rec8 19. Rc1 Qd8 20. b4 Ncd7 21. Bd3 a5
22. bxa5 bxa5 23. Rb1 Rxc3 24. Rxb7 Nc5 25. Bxc5 Rxc5 26. Bb5 Rc7 27. Rxc7 Qxc7
28. Qc4 Qa7 29. Rc1 Ng4 30. Qe2 Nf6 31. Nb3 Be7 32. Rc6 Qb8 33. Nd2 Nd7 34. Nc4
Qf8 35. Qg4 Nc5 36. Nb6 Rb8 37. g3 Qd8 38. Nc4 Nb3 39. Ra6 Qc7 40. Qd1 Rxb5 41.
Rc6 Qb8 42. axb5 Qxb5 43. Rc8+ Kh7 44. Rc7 Nc5 45. Ne3 Bf8 46. Rxf7 Kg8 47. Qf3
Qb8 48. Ng4 Qe8 49. Ra7 a4 50. Qf5 Be7 51. Rc7 Qf7 52. Qxf7+ Kxf7 53. Nxe5+ Kf6
54. Nd7+ 1-0

[Event "Moscu Open 2009"]
[Site "Moscu RUS"]
[Date "2009.02.08"]
[Round "9.23"]
[White "Krapivin, Alexander"]
[Black "Grachev, Boris"]
[Result "1/2-1/2"]
[WhiteElo "2501"]
[BlackElo "2655"]
[PlyCount "72"]
[EventDate "2009.01.31"]
[EventType "swiss"]
[EventRounds "9"]
[EventCountry "RUS"]
[Source "lmi"]
[SourceDate "2009.01.31"]

1. e4 e6 2. d4 c5 3. c3 Nf6 4. Bd3 cxd4 5. cxd4 Nc6 6. Nf3 Nb4 7. O-O Nxd3 8.
Qxd3 d5 9. e5 Ne4 10. Nc3 Nxc3 11. bxc3 Bd7 12. Ng5 h6 13. Nh3 Qa5 14. Re1 g5
15. Bd2 Qa4 16. f4 g4 17. Nf2 Rg8 18. Rab1 b5 19. Nd1 Qxa2 20. Ne3 Qa6 21. Qh7
Rg7 22. Qxh6 O-O-O 23. f5 Qc6 24. Qf4 exf5 25. c4 dxc4 26. d5 Qc7 27. Rec1 Bc5
28. Kh1 Rh8 29. Nxc4 bxc4 30. Qxc4 Rxh2+ 31. Kxh2 Qxe5+ 32. Qf4 g3+ 33. Kh3
Rh7+ 34. Kxg3 Rg7+ 35. Kh3 Rh7+ 36. Kg3 Rg7+ 1/2-1/2

[Event "Moscu Open 2009"]
[Site "Moscu RUS"]
[Date "2009.02.08"]
[Round "9.24"]
[White "Kobalia, Mikhail"]
[Black "Naumkin, Igor"]
[Result "1-0"]
[WhiteElo "2634"]
[BlackElo "2501"]
[PlyCount "103"]
[EventDate "2009.01.31"]
[EventType "swiss"]
[EventRounds "9"]
[EventCountry "RUS"]
[Source "lmi"]
[SourceDate "2009.01.31"]

1. e4 e5 2. Nf3 Nc6 3. Bb5 a6 4. Ba4 Nf6 5. d3 d6 6. c3 g6 7. Nbd2 Bg7 8. O-O
O-O 9. Re1 h6 10. d4 b5 11. Bc2 Bg4 12. h3 Bd7 13. Nf1 Nh5 14. Ne3 Nf4 15. Nd5
g5 16. a4 Rb8 17. axb5 axb5 18. Kh2 Kh8 19. dxe5 dxe5 20. Bxf4 gxf4 21. Qd3 Be6
22. Red1 Ne7 23. Ra7 Bxd5 24. exd5 f5 25. d6 cxd6 26. Nh4 Rf6 27. Rxe7 Qxe7 28.
Qxf5 Bf8 29. Ng6+ Rxg6 30. Qxg6 Qg7 31. Qe4 Be7 32. Kg1 Rd8 33. Rd5 Bh4 34.
Rxb5 Qa7 35. Kh1 Qg7 36. Qd5 Qg8 37. Qf3 Ra8 38. Bb1 Ra1 39. Qe4 f3 40. g3 Bxg3
41. fxg3 f2 42. Qf5 Rxb1+ 43. Qxb1 Qa8+ 44. Kh2 Qf3 45. Qf1 e4 46. Rb8+ Kg7 47.
Rb7+ Kg6 48. Qb5 f1=N+ 49. Kg1 Qxg3+ 50. Kxf1 Qxh3+ 51. Ke1 Qh1+ 52. Qf1 1-0